000
00345nam a2200145Ia 4500
008
230718s9999 xx 000 0 und d
041
_a
Eng.
082
_a
345.03
_b
MOH-I
100
_a
Mohd Magrad chan
245
0
_a
Introduction to Earspecan law
260
_a
Pakistan
_b
Great Publishe
_c
1997
300
_a
395
650
_a
Law
999
_c
26247
_d
26247